Musee Wiertz: Bruxelles (Record no. 5237)

MARC details
000 -CABECERA
campo de control de longitud fija 00610nam a2200229 a 4500
001 - NÚMERO DE CONTROL
campo de control BRCA_5543
005 - FECHA Y HORA DE LA ÚLTIMA TRANSACCIÓN
campo de control 20190320205126.0
008 - DATOS DE LONGITUD FIJA--INFORMACIÓN GENERAL
campo de control de longitud fija 280311s--------be-a######---#000-0#ger-#
041 ## - CÓDIGO DE LENGUA
Código de lengua del texto/banda sonora o título independiente ger
044 ## - CÓDIGO DEL PAÍS DE LA ENTIDAD EDITORA/PRODUCTORA
Código MARC del país be
050 #4 - SIGNATURA TOPOGRÁFICA DE LA BIBLIOTECA DEL CONGRESO
Número de clasificación ND673.W5
Número de documento/Ítem .B78
100 1# - ENTRADA PRINCIPAL--NOMBRE DE PERSONA
Nombre de persona Anvers, Hermans G.
9 (RLIN) 14142
245 10 - MENCIÓN DE TÍTULO
Título Musee Wiertz: Bruxelles
Mención de responsabilidad, etc. Anvers, Hermans G.
300 ## - DESCRIPCIÓN FÍSICA
Extensión 82 p.
Otras características físicas 82 Ilus.
Dimensiones 25 cm.
500 ## - NOTA GENERAL
Nota general Album Ilustrado
500 ## - NOTA GENERAL
Nota general F19
650 14 - PUNTO DE ACCESO ADICIONAL DE MATERIA--TÉRMINO DE MATERIA
Término de materia o nombre geográfico como elemento de entrada Museos
Subdivisión geográfica Bélgica
9 (RLIN) 14143
650 14 - PUNTO DE ACCESO ADICIONAL DE MATERIA--TÉRMINO DE MATERIA
Término de materia o nombre geográfico como elemento de entrada Museos y Colecciones
Subdivisión geográfica Bélgica
9 (RLIN) 14144
651 #4 - PUNTO DE ACCESO ADICIONAL DE MATERIA--NOMBRE GEOGRÁFICO
Nombre geográfico Museos de Bruselas
Subdivisión geográfica Bélgica
9 (RLIN) 14145
902 ## - CATALOGADOR
Iniciales GFM
942 ## - ELEMENTOS DE PUNTO DE ACCESO ADICIONAL (KOHA)
Fuente del sistema de clasificación o colocación Library of Congress Classification
Tipo de ítem Koha Libros
Holdings
Estado de retiro Estado de pérdida Estado dañado No para préstamo Localización permanente Ubicación/localización actual Fecha de adquisición Número de inventario Total de préstamos Signatura topográfica completa Código de barras Fecha visto por última vez Precio válido a partir de Tipo de ítem Koha
El ejemplar forma parte de la colección y puede ser consultado según las políticas vigentes.       Biblioteca del Museo Franz Mayer (Rogerio Casas-Alatriste) Biblioteca del Museo Franz Mayer (Rogerio Casas-Alatriste) 09/02/2011 F19   ND673.W5 .B78 (F19) 5979 22/03/2019 22/03/2019 Libros